[Event "San Cristobal Bolivar op 1st"]
[Site "San Cristobal"]
[Date "2012.09.30"]
[Round "10"]
[White "Vigoa Apecheche, Yanira"]
[Black "Pesantes Aucay, Jose"]
[Result "1-0"]
[WhiteElo "2293"]
[BlackElo "2164"]
[PlyCount "79"]
[EventDate "2012.09.25"]
[EventType "swiss"]
[EventRounds "10"]
[EventCountry "VEN"]
[SourceTitle "EXT 2013"]
[Source "ChessBase"]
[SourceDate "2012.11.22"]
[SourceVersion "1"]
[SourceVersionDate "2012.11.22"]
[SourceQuality "1"]

1. d4 Nf6 2. Bg5 Ne4 3. Bf4 c5 4. f3 Qa5+ 5. c3 Nf6 6. d5 Qb6 7. e4 d6 8. Qc2 g6 9. Nd2 Nbd7 10. g4 Bg7 11. h4 h6 12. Ne2 Qc7 13. Ng3 Rb8 14. a4 b6 15. Be2 a6 16. Kf2 h5 17. gxh5 Nxh5 18. Nxh5 Rxh5 19. Rag1 Nf6 20. Nf1 Rh8 21. Ng3 Kf8 22. Bg5 c4 23. Be3 e6 24. dxe6 Bxe6 25. Qc1 b5 26. axb5 Rxb5 27. b4 a5 28. bxa5 Qxa5 29. Qd2 Qc7 30. Ra1 Ne8 31. Ra7 Qd8 32. h5 gxh5 33. Nf5 Bxf5 34. exf5 Rxf5 35. Bxc4 h4 36. Qa2 Bh6 37. Bd4 Qg5 38. Rg1 Qf4 39. Qe2 h3 40. Qe7# 1-0

[Event "San Cristobal Bolivar op 1st"]
[Site "San Cristobal"]
[Date "2012.09.25"]
[Round "1"]
[White "Pesantes Aucay, Jose"]
[Black "Blanco Acevedo, Cristobal Jose"]
[Result "1/2-1/2"]
[WhiteElo "2164"]
[BlackElo "2375"]
[PlyCount "75"]
[EventDate "2012.09.25"]
[EventType "swiss"]
[EventRounds "10"]
[EventCountry "VEN"]
[SourceTitle "EXT 2013"]
[Source "ChessBase"]
[SourceDate "2012.11.22"]
[SourceVersion "1"]
[SourceVersionDate "2012.11.22"]
[SourceQuality "1"]

1. e4 c5 2. Nf3 Nc6 3. d4 cxd4 4. Nxd4 Nf6 5. Nc3 e5 6. Ndb5 d6 7. Bg5 a6 8. Na3 b5 9. Bxf6 gxf6 10. Nd5 f5 11. c3 Bg7 12. exf5 Bxf5 13. Nc2 0-0 14. Nce3 Be6 15. Bd3 f5 16. Bc2 Rb8 17. Qh5 b4 18. Rd1 bxc3 19. bxc3 e4 20. g4 Rb2 21. gxf5 Rxc2 22. fxe6 Rcxf2 23. Rg1 Kh8 24. Qg4 Bh6 25. Qxe4 Bxe3 26. Nxe3 Rxh2 27. Rd2 Rxd2 28. Kxd2 Ne5 29. Rh1 Qe7 30. Nd5 Qb7 31. e7 Qb2+ 32. Kd1 Qa1+ 33. Kd2 Qxa2+ 34. Kd1 Qa1+ 35. Ke2 Qb2+ 36. Kd1 Qa1+ 37. Ke2 Qb2+ 38. Kd1 1/2-1/2

[Event "Santander UDI University op U27"]
[Site "Santander"]
[Date "2012.04.01"]
[Round "7"]
[White "Herrera Perez, Martin Steven"]
[Black "Pesantes Aucay, Jose"]
[Result "0-1"]
[WhiteElo "1958"]
[BlackElo "2160"]
[PlyCount "56"]
[EventDate "2012.03.29"]
[EventType "swiss"]
[EventRounds "9"]
[EventCountry "COL"]
[SourceTitle "CBM 147 Extra"]
[Source "ChessBase"]
[SourceDate "2012.04.24"]
[SourceVersion "1"]
[SourceVersionDate "2012.04.24"]
[SourceQuality "1"]

1. e4 c5 2. Nf3 e6 3. d4 cxd4 4. Nxd4 a6 5. c4 Nf6 6. Nc3 Qc7 7. Be3 Bb4 8. f3 0-0 9. Rc1 d5 10. exd5 exd5 11. a3 Qe5 12. Kf2 Re8 13. Qd2 Bd6 14. cxd5 Nxd5 15. Nxd5 Qxd5 16. Bc4 Qh5 17. g4 Qg6 18. Bd3 Qf6 19. Bf5 Nc6 20. Bxc8 Raxc8 21. Nf5 Rcd8 22. Bg5 Bc5+ 23. Kg3 Rxd2 24. Bxf6 Bf2+ 25. Kf4 gxf6 26. g5 fxg5+ 27. Kxg5 Rd5 28. Kf4 Ree5 0-1

[Event "Santander UDI University op U27"]
[Site "Santander"]
[Date "2012.03.30"]
[Round "2"]
[White "Pesantes Aucay, Jose"]
[Black "Quintero Rangel, Edwin"]
[Result "1-0"]
[WhiteElo "2160"]
[BlackElo "1863"]
[PlyCount "53"]
[EventDate "2012.03.29"]
[EventType "swiss"]
[EventRounds "9"]
[EventCountry "COL"]
[SourceTitle "CBM 147 Extra"]
[Source "ChessBase"]
[SourceDate "2012.04.24"]
[SourceVersion "1"]
[SourceVersionDate "2012.04.24"]
[SourceQuality "1"]

1. e4 e5 2. Nf3 Nc6 3. Bb5 a6 4. Ba4 Nf6 5. 0-0 b5 6. Bb3 Be7 7. d4 exd4 8. e5 Ng4 9. Re1 d5 10. c3 Bf5 11. cxd4 h5 12. Nc3 Be6 13. a4 b4 14. Ne2 Na5 15. Nf4 Nxb3 16. Qxb3 c6 17. h3 Nh6 18. Nxh5 g5 19. Nf6+ Bxf6 20. exf6 Qd6 21. Bxg5 Kd8 22. Rac1 a5 23. Ne5 Ra6 24. Qd3 Rb6 25. Rc5 Kc8 26. Rec1 Kb7 27. Rxc6 1-0

[Event "Pan American-ch U20"]
[Site "Riobamba"]
[Date "2007.08.21"]
[Round "5"]
[White "Villacres, Dennis"]
[Black "Pesantes Aucay, Jose"]
[Result "0-1"]
[WhiteElo "1988"]
[BlackElo "2122"]
[PlyCount "74"]
[EventDate "2007.08.18"]
[EventType "swiss"]
[EventRounds "9"]
[EventCountry "ECU"]
[SourceTitle "CBM 120 Extra"]
[Source "ChessBase"]
[SourceDate "2007.11.01"]
[SourceVersion "1"]
[SourceVersionDate "2007.11.01"]
[SourceQuality "1"]

1. e4 c5 2. Nf3 d6 3. d4 cxd4 4. Nxd4 Nf6 5. Nc3 a6 6. Be2 e5 7. Nb3 Be6 8. Bg5 Nbd7 9. 0-0 Be7 10. Kh1 0-0 11. f4 exf4 12. Bxf4 Ne5 13. Nd4 Qb6 14. Rb1 Rac8 15. Nf5 Bxf5 16. exf5 h6 17. h3 Qc6 18. Qe1 Kh8 19. Qg3 Rfe8 20. Rfe1 Bf8 21. Rbd1 b5 22. a3 Qb6 23. Be3 Qb7 24. Bc1 Qd7 25. Qh4 Qxf5 26. Rf1 Qh7 27. Bxh6 Ng6 28. Qg5 Ng8 29. Bd3 Qxh6 30. Qd5 Ne5 31. Ne4 Re6 32. Qb7 Rce8 33. Be2 Qe3 34. Nc3 d5 35. Rde1 Qg3 36. Qxd5 Nf6 37. Qd2 Bd6 0-1

[Event "Pan American-ch U20"]
[Site "Riobamba"]
[Date "2007.08.20"]
[Round "4"]
[White "Pesantes Aucay, Jose"]
[Black "Toniutti, Ezio"]
[Result "1-0"]
[WhiteElo "2122"]
[BlackElo "2115"]
[PlyCount "79"]
[EventDate "2007.08.18"]
[EventType "swiss"]
[EventRounds "9"]
[EventCountry "ECU"]
[SourceTitle "CBM 120 Extra"]
[Source "ChessBase"]
[SourceDate "2007.11.01"]
[SourceVersion "1"]
[SourceVersionDate "2007.11.01"]
[SourceQuality "1"]

1. e4 e5 2. Nf3 Nc6 3. Bb5 a6 4. Ba4 Nf6 5. 0-0 Nxe4 6. d4 b5 7. Bb3 d5 8. dxe5 Be6 9. Qe2 Be7 10. Rd1 Na5 11. Nbd2 Nxd2 12. Bxd2 Nxb3 13. axb3 c5 14. Rxa6 c4 15. Rda1 Rxa6 16. Rxa6 0-0 17. Nd4 Qc8 18. Ra1 Bc5 19. Be3 Bxd4 20. Bxd4 Qc6 21. b4 Ra8 22. Qd1 Ra4 23. Rxa4 bxa4 24. c3 Qd7 25. h3 Bf5 26. Qh5 h6 27. g4 Bd3 28. f4 Be4 29. Qh4 a3 30. bxa3 Qa4 31. Qf2 Qxa3 32. b5 Qb3 33. b6 h5 34. gxh5 Qb1+ 35. Kh2 Qh1+ 36. Kg3 Bf5 37. Qg2 Qe1+ 38. Kh2 Be4 39. Qg1 Qh4 40. b7 1-0

[Event "Pan American-ch U20"]
[Site "Riobamba"]
[Date "2007.08.18"]
[Round "1"]
[White "Vaca, Diego"]
[Black "Pesantes Aucay, Jose"]
[Result "0-1"]
[WhiteElo "1934"]
[BlackElo "2122"]
[PlyCount "88"]
[EventDate "2007.08.18"]
[EventType "swiss"]
[EventRounds "9"]
[EventCountry "ECU"]
[SourceTitle "CBM 120 Extra"]
[Source "ChessBase"]
[SourceDate "2007.11.01"]
[SourceVersion "1"]
[SourceVersionDate "2007.11.01"]
[SourceQuality "1"]

1. d4 Nf6 2. c4 e6 3. Nc3 Bb4 4. e3 Bxc3+ 5. bxc3 0-0 6. Bd3 d6 7. Ne2 e5 8. e4 Qe7 9. f3 Nc6 10. 0-0 b6 11. Be3 Na5 12. Nc1 Ba6 13. Qe2 Qe6 14. Nb3 Nd7 15. Nxa5 bxa5 16. c5 Bxd3 17. Qxd3 dxc5 18. d5 Qd6 19. Qc4 Rab8 20. Rab1 Rb6 21. Rb3 Rfb8 22. Rfb1 Kf8 23. Rb5 Ke7 24. a4 a6 25. Rxb6 Rxb6 26. Rxb6 Qxb6 27. h3 Qd6 28. Kh2 c6 29. Qxa6 cxd5 30. Qxa5 d4 31. Bd2 Qb6 32. cxd4 Qxa5 33. Bxa5 exd4 34. Kg3 Kd6 35. Kf2 Kc6 36. Be1 c4 37. Ke2 Nc5 38. a5 Nd3 39. Bd2 Kb5 40. f4 Nc5 41. e5 c3 42. Bc1 Kxa5 43. Ba3 d3+ 44. Kd1 Ne4 0-1